Normal view
MARC view
- AUTOMOBILE- TRANSMISSION DEVICES.AUTOMOTIVE TRANSMISSIONS
Entry Topical Term
001 - CONTROL NUMBER
- control field: 63978
003 - CONTROL NUMBER IDENTIFIER
- control field: NUST
005 - DATE AND TIME OF LATEST TRANSACTION
- control field: 20210628203215.0
008 - FIXED-LENGTH DATA ELEMENTS
- fixed length control field: 210628|| aca||aabn | a|a d
040 ## - CATALOGING SOURCE
- Original cataloging agency: NUST
- Transcribing agency: NUST
150 ## - HEADING--TOPICAL TERM
- Topical term or geographic name entry element: AUTOMOBILE- TRANSMISSION DEVICES.AUTOMOTIVE TRANSMISSIONS
670 ## - SOURCE DATA FOUND
- Source citation: Work cat.: (NUST): Naunheimer , Harald , Lechner, Gisbert 63977, Automotive transmissions , fundamentals, selection, design and application, 1999
